| 000 | 00624nam a22001817a 4500 | ||
|---|---|---|---|
| 003 | AUA.1 | ||
| 005 | 20260208103121.0 | ||
| 008 | 260208b |||||||| |||| 00| 0 eng d | ||
| 040 | _cJTL | ||
| 100 | _aGwengwe, Ida | ||
| 245 |
_aExploratory descriptive qualitative research of factors influencing male involvement in antenatal care services at Mangochi District Hospital, Malawi / _cIda Gwengwe. |
||
| 260 | _cc2025. | ||
| 300 |
_ax, 149 leaves : _billustrations; _c30 cm. |
||
| 610 | _aMangochi District Hospital, Malawi | ||
| 650 | _aPrenatal care | ||
| 650 | _aMen | ||
| 942 |
_2aua _cTHESIS _hMPH _i.G84 2025 |
||
| 999 |
_c25305 _d25305 |
||